Holiday Quiz

Random Holiday or Christmas Quiz

Holiday by Numbers Quiz Stats

 Plays Quiz Updated Jul 24, 2018

Also try: Holiday Characters
Challenge
Share
Tweet
Embed
Score 0/55 Timer 07:00
2 Plays Today
% Correct
Christmas Day
94.6%
Christmas Cards
94.4%
United States
91.4%
Canada
87.1%
Thanksgiving Day
85.5%
Independence Day
84%
Donner
83%
Blitzen
82.3%
New Year's Day
82%
Dancer
81.2%
Prancer
79.8%
Partridge
78.8%
Cupid
78.5%
Labor Day
78.2%
Comet
76.9%
Birthday Cards
76.3%
Memorial Day
75.8%
Dasher
75.8%
Turtle Doves
75.7%
Vixen
75.6%
Washington's Birthday
73.2%
French Hens
69.7%
Birthday of Martin Luther King, Jr.
69.6%
Geese
69.1%
Rat
66.5%
Dog
66.3%
Witch
63.8%
Swans
59.8%
% Correct
Veterans Day
59.6%
Cat
58.3%
Calling Birds
58%
Valentine's Day Card
56.4%
Columbus Day
51.2%
Thomas Jefferson
48.8%
Horse
47%
Mother's Day Card
46.7%
John Adams
46.2%
Pig
45.3%
Tiger
42.1%
Rabbit
41.5%
Monkey
41%
Goat
36.9%
Ox
36.2%
Vampire
35.7%
Australia (Norfolk Island)
31.5%
April 25th
26.1%
March 22nd
25.6%
Irving Berlin
24%
Nurse
21.3%
Pirate
18.7%
James Monroe
18.5%
Batman
15.5%
Fairy
10.1%
Liberia
3.9%
Micronesia
2.6%

You're not logged in!

Compare scores with friends on all Sporcle quizzes.
Join for Free
OR
Log In

You Might Also Like...

Show Comments

Extras

Top Quizzes Today


Score Distribution

Your Account Isn't Verified!

In order to create a playlist on Sporcle, you need to verify the email address you used during registration. Go to your Sporcle Settings to finish the process.

Report this User

Report this user for behavior that violates our Community Guidelines.

Details: